000 00613nam a2200181Ia 4500
008 100920s9999 xx 000 0 und d
082 _b86145
_a891.464 थ 83
100 _aपरचुरे श्री. दि.
245 _aनाटककार सावरकर.
260 _bवीर सावरकर प्रकाशन, मुंबई 28.
_c1983
300 _a110
_bसाधी
365 _b15
520 _aनिबंध.
630 _aनाटककार सावरकर.
650 _aनिबंध.
730 _aनाटककार सावरकर.
942 _cBOOK
999 _c726655
_d726652